000 00823nam a2200217 i 4500
001 189940
003 ES-MaACL
005 20250804110806.0
008 200130s2007 sp a |||| |dspa d
100 1 _aVerdugo Cornejo, Enrique.
_9169466
245 1 0 _aEnrique Verdugo Cornejo
_b: [exposición, Ateneo de Madrid, Sala Santa Catalina, del 6 al 22 de junio 2007].
260 _a[Madrid :
_bAteneo de Madrid,
_c2007]
300 _a[8] p. :
_bprincipalmente il. col. ;
_c21 cm.
600 1 4 _aVerdugo Cornejo, Enrique-
_vExposiciones.
_9169467
610 2 4 _aAteneo de Madrid-
_vExposiciones-
_y2001-2009
_91924
655 7 _2tgfbne
_9193628
_aCatálogos de exposiciones
710 2 _aAteneo de Madrid.
_bSala de Santa Catalina.
_91964
852 _aES-MaACL
_j2186-F-44
942 _2udc
999 _c189940
_d189940